000 00777nam a2200217 i 4500
001 38096
003 ES-MaACL
005 20230906155709.0
007 t|
008 030224s1984 sp ||||1| spa d
020 _a84-294-2177-7
100 1 _aCabrera C.-Sotelo, José Ignacio.
_933305
245 1 3 _aLa evolución
_b: origen y transmisión de la vida /
_cJosé Ignacio Cabrera C.-Sotelo : supervisión científica Amparo Benlloch Marín.
260 _aMadrid :
_bSantillana,
_c[1984]
300 _a144 p. :
_bil. ;
_c24 cm.
490 1 _aImago. Biblioteca Santillana de Consulta ;
_v1
700 1 _aBenlloch Marín, Amparo.
_927722
830 0 _aImago. Biblioteca Santillana de Consulta ;
_v1
_9182972
852 _aES-MaACL
_jL-9234
_bR.111110
999 _c38096
_d38096